000
00225nam a2200097Ia 4500
001
644418
005
20250826153604.0
008
250824s9999 xx 000 0 und d
245
0
_a
ACABA NEDEN?
_c
MARTINE LAFFON
260
_b
TUDEM
999
_c
644418
_d
644418